College Basketball Freshman Phenoms - Statistics

General Stats
  • This quiz has been taken 49 times
  • The average score is 25 of 30
Answer Stats
Picture Answer % Correct
Anthony Davis
93%
Anthony Edwards
93%
Cade Cunningham
93%
Cooper Flagg
93%
Karl Anthony Towns
93%
Kevin Durant
93%
Lonzo Ball
93%
Trae Young
93%
Tyler Herro
93%
Zion Williamson
93%
Ben Simmons
91%
Carmelo Anthony
91%
Dylan Harper
91%
Cam Boozer
88%
Darryn Peterson
88%
Derik Queen
88%
Caleb Wilson
86%
Deandre Ayton
86%
Ace Bailey
84%
AJ Dybantsa
84%
Coby White
81%
Brandon Miller
77%
Cole Anthony
77%
Keaton Wagler
77%
RJ Barrett
77%
VJ Edgecombe
74%
Stephon Castle
72%
Kingston Flemings
63%
Liam Mcneeley
60%
Mikel Brown Jr
58%
No matching quizzes found
Score Distribution
Percent of People with Each Score
Percentile by Number Answered
Your Score History
You have not taken this quiz